000 00284nam a2200121Ia 4500
008 191201s2011 xx 000 0 und d
100 _aJOSHI,Rakesh mohan
245 0 _aInternational Marketing
260 _c2011
_bOxford
_aN. delhi
300 _a750
650 _aMBA
942 _2ddc
_cBB
999 _c7535
_d7535